| 000 | 00498nam a2200169 i 4500 | ||
|---|---|---|---|
| 001 | bg | ||
| 100 | 1 | _aKUBIK, Lech Tadeusz | |
| 245 | 0 |
_aWprowadzenie do rachunku prawdopodobieństwa i jego zastosowań / _cLech Tadeusz Kubik i Andrzej Krupowicz. |
|
| 260 |
_aWarszawa, _c1982 _aPWN. |
||
| 650 | 9 | _aRachunek prawdopodobieństwa | |
| 655 | _aPodręczniki akademickie | ||
| 700 | 1 | _aKRUPOWICZ, Andrzej | |
| 040 | _cBPK | ||
| 041 | _apol | ||
| 942 | _cKS | ||
| 008 | s pl f |000 0 pol | ||
| 999 |
_c2296 _d2296 |
||
| 856 |
_uhttp://koha.tu.koszalin.pl/cgi-bin/koha/opac-detail.pl?biblionumber=2296 _yKatalog online BPK |
||